Castrop-Rauxel Stadtbezirke Quiz - Statistiken

Allgemein
  • Dieses Quiz wurde 22 mal gespielt
  • Das Durchschnittsergebnis liegt bei 9 aus 18
Antwortstatistiken
Antwort % Korrekt
Castrop
93%
Schwerin
80%
Obercastrop
73%
Frohlinde
67%
Habinghorst
67%
Merklinde
67%
Deininghausen
53%
Pöppinghausen
53%
Ickern-Nord
47%
Dingen
40%
Ickern-Süd
40%
Rauxel-Nord
40%
Rauxel-Süd
40%
Behringhausen
33%
Bladenhorst
33%
Bövinghausen
33%
Henrichenburg-Ost
27%
Henrichenburg-West
27%
Keine übereinstimmenden Quizze gefunden
Verteilung der Resultate
Anzahl Personen mit jedem Resultat
Perzentil nach korrekt beantworteten Fragen
Ihre Resultats-Entwicklung
Sie haben dieses Quiz noch nicht gespielt